Theravadin monastic architecture : canonical residential forms and the development of Theravadin monastic architecture of South East Asia with emphasis on Thai monastic forms /
محفوظ في:
| المؤلف الرئيسي: | |
|---|---|
| التنسيق: | أطروحة كتاب |
| اللغة: | English |
| منشور في: |
1985
|
| الموضوعات: | |
| الوسوم: |
إضافة وسم
لا توجد وسوم, كن أول من يضع وسما على هذه التسجيلة!
|
| LEADER | 01211cam a2200289 a 4500 | ||
|---|---|---|---|
| 001 | u48606 | ||
| 003 | SIRSI | ||
| 008 | 860924s1985 si v 00 eng | ||
| 035 | |a AAF-2314 | ||
| 040 | |a UMM | ||
| 043 | |a as----- | ||
| 050 | |a NA6011 | ||
| 090 | |a NA6011 |b Ind | ||
| 100 | 1 | 0 | |a Indorf, Pinna. |
| 245 | 1 | 0 | |a Theravadin monastic architecture : |b canonical residential forms and the development of Theravadin monastic architecture of South East Asia with emphasis on Thai monastic forms / |c Pinna Indorf |
| 260 | |c 1985 | ||
| 300 | |a 3 v. [825 leaves] : |b col. plates ; |c 30 cm. | ||
| 502 | |a Thesis (Ph.D.) -- National University of Singapore, 1985 | ||
| 650 | 0 | |a Monasteries, Buddhist |z Asia, Southeastern | |
| 650 | 0 | |a Monasteries, Buddhist |z Thailand | |
| 650 | 0 | |a Architecture, Buddhist |z Asia, Southeastern | |
| 650 | 0 | |a Temples, Buddhist. | |
| 948 | |a 16/03/1991 |b 20/12/1996 | ||
| 596 | |a 1 | ||
| 999 | |a NA6011 IND V.1 |w LC |c 1 |i A010021264 |d 25/3/2011 |e 25/3/2011 |l STACKS |m P01UTAMA |n 1 |r Y |s Y |t TESIS |u 21/1/1992 | ||
| 999 | |a NA6011 IND V.2 |w LC |c 1 |i A010021273 |d 9/12/2014 |e 9/12/2014 |l STACKS |m P01UTAMA |n 2 |r Y |s Y |t TESIS |u 21/1/1992 | ||
| 999 | |a NA6011 IND V.3 |w LC |c 1 |i A010021282 |l STACKS |m P01UTAMA |r Y |s Y |t TESIS |u 21/1/1992 | ||
